000 00635nam a2200181Ia 4500
005 20250923145140.0
008 008 250917s9999 xx 000 0 eng d
037 _aTextual
040 _aDSWL
_beng
_cDSWL
041 _aeng
_2eng
084 _aX8(J).251'N68t4, N69
_qDSWL
100 _aParamewaran, T.S.
_9832259
245 0 _aWomen in Employment (A Study of Sales Girls, conducted in the central collage Industies
_cby T.S. Paramewaran
260 _aDelhi
_b School of Social Work,3, University Road, -7
_c1969
300 _a66p.
942 _cTEXL
_hX8(J).251'N68t4, N69
999 _c1447755
_d1447755